Ley de Presupuesto y Derechos Fundamentales (Registro nro. 22002)
[ vista simple ]
| 000 -LEADER | |
|---|---|
| fixed length control field | 00396 a2200109 4500 |
| 001 - CONTROL NUMBER | |
| control field | ART_13115 |
| 005 - DATE AND TIME OF LATEST TRANSACTION | |
| control field | 20260410161817.0 |
| 008 - FIXED-LENGTH DATA ELEMENTS--GENERAL INFORMATION | |
| fixed length control field | 260409a |
| 100 1# - MAIN ENTRY--PERSONAL NAME | |
| Personal name | Corti, Horacio Guillermo |
| 245 10 - TITLE STATEMENT | |
| Title | Ley de Presupuesto y Derechos Fundamentales |
| 773 0# - HOST ITEM ENTRY | |
| Title | Revista Juridica de Buenos Aires |
| Related parts | El derecho constitucional presupuestario en el derecho comparado (ene. 2010) |
| Record control number | REV4315 |
No hay ítems disponibles.